[Event "RUS-ch Rapid Men 2018"]
[Site "Sochi"]
[Date "2018.10.05"]
[Round "5"]
[White "Timofeev, Artyom"]
[Black "Savitskiy, Sergey"]
[Result "1-0"]
[WhiteElo "2580"]
[BlackElo "2413"]
[Annotator "ChessBase"]
[PlyCount "77"]
[EventDate "2018.10.05"]
[EventType "swiss"]
[EventCountry "RUS"]
[SourceTitle "playchess.com"]
[Source "ChessBase"]
[SourceQuality "1"]
[TimeControl "900+10"]

1. c4 {[%emt 0:00:00]} e5 {[%emt 0:00:00]} 2. Nc3 {[%emt 0:00:00]} Nc6 {[%emt 0:00:00]} 3. g3 {[%emt 0:00:01]} f5 {[%emt 0:00:33]} 4. Bg2 {[%emt 0:00:06]} Nf6 {[%emt 0:00:02]} 5. e3 {[%emt 0:00:03]} g6 {[%emt 0:03:43]} 6. Nge2 {[%emt 0:00:06]} Bg7 {[%emt 0:00:02]} 7. d3 {[%emt 0:00:08]} O-O {[%emt 0:00:06]} 8. O-O {[%emt 0:00:02]} d6 {[%emt 0:00:05]} 9. b3 {[%emt 0:00:08]} Be6 {[%emt 0:00:24]} 10. Nd5 {[%emt 0:00:28]} Rb8 {[%emt 0:00:29]} 11. Bb2 {[%emt 0:00:12]} Bf7 {[%emt 0:00:57]} 12. Qd2 {[%emt 0:00:22]} Nxd5 {[%emt 0:02:01]} 13. cxd5 {[%emt 0:00:03]} Ne7 {[%emt 0:00:01]} 14. e4 {[%emt 0:00:02]} c6 {[%emt 0:00:01]} 15. dxc6 {[%emt 0:00:23]} bxc6 {[%emt 0:00:26]} 16. exf5 {[%emt 0:01:59]} Nxf5 {[%emt 0:00:23]} 17. d4 {[%emt 0:00:10]} exd4 {[%emt 0:02:51]} 18. Nxd4 {[%emt 0:00:03]} Nxd4 {[%emt 0:00:03]} 19. Bxd4 {[%emt 0:00:01]} Bxd4 {[%emt 0:00:02]} 20. Qxd4 {[%emt 0:00:02]} c5 {[%emt 0:00:02]} 21. Qc3 {[%emt 0:00:14]} a5 {[%emt 0:02:20]} 22. Rad1 {[%emt 0:00:20]} a4 {[%emt 0:00:24]} 23. bxa4 {[%emt 0:00:04]} Rb4 {[%emt 0:00:04]} 24. Bc6 {[%emt 0:02:35]} Bxa2 {[%emt 0:00:37]} 25. a5 {[%emt 0:00:16]} Qxa5 {[%emt 0:01:42]} 26. Rxd6 {[%emt 0:00:22]} Bf7 {[%emt 0:00:13]} 27. Rd7 {[%emt 0:00:41]} Qb6 {[%emt 0:00:50]} 28. Bd5 {[%emt 0:00:04]} Rd4 {[%emt 0:00:25]} 29. Bxf7+ {[%emt 0:02:54]} Rxf7 {[%emt 0:00:01]} 30. Rxf7 {[%emt 0:00:01]} Kxf7 {[%emt 0:00:01]} 31. Re1 {[%emt 0:00:01]} Qc6 {[%emt 0:01:08]} 32. h4 {[%emt 0:00:20]} Qd5 {[%emt 0:00:03]} 33. Kh2 {[%emt 0:00:50]} c4 {[%emt 0:00:04]} 34. Qe3 {[%emt 0:00:08]} Qd7 {[%emt 0:00:17]} 35. Ra1 {[%emt 0:00:12]} Rd3 {[%emt 0:00:18]} 36. Qh6 {[%emt 0:00:13]} Rd2 {[%emt 0:00:10]} 37. Qxh7+ {[%emt 0:00:42]} Kf6 {[%emt 0:00:05]} 38. Qh8+ {[%emt 0:01:29]} Kf7 {[%emt 0:00:12]} 39. Ra7 {[%emt 0:00:50]} 1-0

[Event "RUS-ch Rapid Men 2018"]
[Site "Sochi"]
[Date "2018.10.05"]
[Round "5"]
[White "Rozum, Ivan"]
[Black "Murzin, Volodar"]
[Result "1-0"]
[WhiteElo "2573"]
[BlackElo "2340"]
[Annotator "TA"]
[PlyCount "84"]
[EventDate "2018.10.05"]
[EventType "swiss"]
[EventCountry "RUS"]
[SourceTitle "playchess.com"]
[Source "ChessBase"]
[SourceQuality "1"]

{[%evp 23,84,59,59,58,78,72,81,50,76,78,84,67,95,94,89,95,136,106,141,87,87,50,88,81,75,68,122,106,345,345,352,346,307,322,296,335,363,213,350,364,886,867,4798,1855,4894,645,593,361,370,339,351,352,341,328,1099,1116,945,854,1688,1306,1528,1420,1186]} 1. c4 Nf6 2. Nc3 g6 3. g3 Bg7 4. Bg2 O-O 5. d4 d6 6. Nf3 Nbd7 7. O-O e5 8. b3 Re8 9. e4 c6 10. Re1 Qc7 11. h3 exd4 12. Nxd4 Nc5 13. Bf4 {E69: King's Indian: Fianchetto: 6...Nbd7 7 0-0 e5 8 e4 c6 9 h3} (13. Rb1 a5 14. a3 Nfd7 15. Be3 Ne6 16. Nde2 Ndc5 17. Qd2 Bf8 18. Red1 Ng7 19. b4 axb4 20. axb4 Nce6 21. g4 f5 22. f4 fxg4 23. hxg4 Qe7 24. f5 gxf5 25. exf5 Nd8 26. Ne4 Qc7 {1-0 (26) Lipka,J (2411)-Zimmermann,H (2179) Austria 2016}) 13... Nh5 {[#]} 14. Be3 $1 Nf6 {[%cal Rf6e4]} 15. f3 $146 {White is better.} (15. Qc2 {with more complications.} Bd7 16. Rad1 a5 17. g4 Rad8 18. f3) ({Predecessor:} 15. Qc2 a5 16. Rad1 Nfd7 17. f4 Na6 18. a3 Ndc5 19. Bf2 Be6 20. Rb1 a4 21. b4 Nb3 22. Nxe6 fxe6 23. Nxa4 Nd4 24. Qd3 {1-0 (50) Shkurikhin,I (2305)-Dmitrienko,A (2295) Tomsk 2006}) 15... Ne6 16. Qd2 Nxd4 17. Bxd4 Be6 18. Rad1 Rad8 19. f4 Bc8 20. Qf2 b6 21. g4 (21. e5 $142 dxe5 22. Bxe5 Rxd1 23. Rxd1 (23. Bxc7 $2 {loses.} Rdxe1+ 24. Kh2 Nd7 $19) 23... Rxe5 24. fxe5 Qxe5 25. Rd8+ (25. Bxc6 Bf8 $11) 25... Bf8 26. Rxc8 Qxc3 27. Kh2 (27. Bxc6 Kg7 $14)) 21... Bb7 22. Qh4 Nd7 23. Bxg7 Kxg7 24. g5 {[%cal Bg4g5,Bg5h6][%mdl 32]} a6 (24... Kh8 $14) 25. Rf1 {Threatens to win with f5.} h5 $2 (25... Kh8 $16) 26. gxh6+ $18 Kh7 {[#]} 27. e5 $1 {[%mdl 512]} d5 (27... dxe5 28. Ne4) 28. cxd5 cxd5 29. Nxd5 Bxd5 30. Rxd5 (30. Bxd5 $142 Qc5+ 31. Kh1) 30... Nc5 (30... Nf8 {was necessary.} 31. Qf6 Kxh6) 31. Qf6 {[%csl Gh6][%cal Rf6g7]} Ne6 $2 (31... Rg8 32. Kh2 Rde8) 32. Rxd8 Rxd8 33. f5 gxf5 34. Rxf5 (34. Qxf5+ $142 Kxh6 35. Be4 Rg8+ 36. Kh1) 34... Rg8 35. Qxf7+ Qxf7 36. Rxf7+ Kxh6 {[%mdl 4096] Endgame KRB-KRN} 37. Kf2 Nc5 38. Rf6+ Rg6 $2 (38... Kg5 39. Rxb6 Kf5) 39. Rxg6+ {White is clearly winning.} Kxg6 40. Ke3 Kf5 41. Kd4 Ne6+ 42. Kd5 Nf4+ {Precision: White = 75%, Black = 26%.} 1-0

[Event "RUS-ch Rapid Men 2018"]
[Site "Sochi"]
[Date "2018.10.05"]
[Round "5"]
[White "Panarin, Mikhail"]
[Black "Orlinkov, Maxim L."]
[Result "1-0"]
[WhiteElo "2562"]
[BlackElo "2293"]
[Annotator "TA"]
[PlyCount "73"]
[EventDate "2018.10.05"]
[EventType "swiss"]
[EventCountry "RUS"]
[SourceTitle "playchess.com"]
[Source "ChessBase"]
[SourceQuality "1"]

{[%evp 9,73,45,47,45,87,72,99,81,64,72,158,95,105,97,100,91,99,68,58,70,194,90,97,95,105,91,140,145,162,184,164,170,182,172,188,143,154,83,107,0,31,27,31,34,35,22,35,30,79,37,29,8,14,1,34,40,90,41,642,640,612,606,744,726,29995,29996]} 1. e4 g6 2. d4 Bg7 3. Nc3 a6 4. a4 b6 (4... d6 5. g3 Nd7 6. Bg2 e5 7. Nge2 exd4 8. Nxd4 Ngf6 9. O-O O-O 10. h3 Re8 11. Re1 Rb8 12. Bf4 {½-½ (35) Vitiugov,N (2726)-Mamedov,R (2688) Doha 2016}) 5. g3 Bb7 6. Bg2 {B06: Modern Defence} f5 7. Nf3 $146 {Strongly threatening exf5.} ({Predecessor:} 7. Nge2) 7... fxe4 8. Ng5 $1 {White is better.} Nc6 9. d5 Nb4 ({Better is} 9... Ne5) 10. Ngxe4 ({And not} 10. Bxe4 Nf6 $11) (10. O-O $142) 10... Nh6 $16 11. O-O {And now Bxh6 would win.} O-O {[#]} 12. a5 $1 Rb8 13. Ra4 bxa5 14. Nc5 {aiming for Ne2.} Ba8 {[#]} ({Black should try} 14... Bc8 $1 $14) 15. Rxa5 (15. Bxh6 $1 $18 Bxh6 16. Bh3 (16. Rxa5 Rf6 $16)) 15... Nf5 16. Nxa6 Nxa6 17. Rxa6 Nd6 18. Re1 Bb7 19. Ra7 Ra8 20. Rxa8 Bxa8 21. Ne4 Nf5 22. c3 Qb8 23. Nc5 (23. Qd3 $142) 23... Qb5 24. Ne4 (24. Nb3 $16) 24... Bxd5 25. Nf6+ Bxf6 26. Bxd5+ e6 27. Bg2 Rf7 28. Re4 {[%cal Be1e4,Be4a4,Ba4a8][%mdl 32]} c5 29. Ra4 d5 30. Bf1 c4 31. Bh3 Be7 32. Ra8+ Kg7 33. Qe2 Qc6 $2 {[%mdl 8192]} (33... Qb7 $14 34. Ra1 (34. Re8 Nd6 $11) 34... Bf6) 34. Qe5+ $18 Rf6 35. Ra7 Qb6 36. Be3 Nxe3 37. Rxe7+ {Precision: White = 56%, Black = 34%.} 1-0

[Event "RUS-ch Rapid Men 2018"]
[Site "Sochi"]
[Date "2018.10.05"]
[Round "5"]
[White "Savchenko, Boris"]
[Black "Artemiev, Vladislav"]
[Result "1/2-1/2"]
[WhiteElo "2562"]
[BlackElo "2706"]
[Annotator "TA"]
[PlyCount "110"]
[EventDate "2018.10.05"]
[EventType "swiss"]
[EventCountry "RUS"]
[SourceTitle "playchess.com"]
[Source "ChessBase"]
[SourceQuality "1"]

{[%evp 21,110,16,19,27,30,21,8,0,0,10,21,0,43,55,48,26,39,27,23,18,113,104,222,232,227,220,220,226,242,249,272,250,258,266,246,191,176,0,58,56,70,59,69,68,64,47,47,47,47,47,47,47,47,45,45,45,64,45,26,31,168,25,16,24,19,7,8,7,7,7,7,7,7,7,8,8,135,135,135,135,135,135,135,-8,-8,-8,-8,-8,-8,-8,-8]} 1. e4 c6 2. d4 d5 3. Nc3 dxe4 4. Nxe4 Nf6 5. Nxf6+ exf6 6. c3 Bd6 7. Bd3 O-O 8. Ne2 {[%cal Bg1e2,Be2c3,Bc3e4,Be4c5][%mdl 32]} Re8 9. Qc2 {B15: Caro-Kann: 3 Nc3: 3...g6 and 3...dxe4 4 Nxe4 Nf6 5 Nxf6+ exf6} h5 10. Be3 Nd7 11. O-O-O Nf8 {LiveBook: 14 Games} 12. c4 Be6 13. Nc3 $146 ({Predecessor:} 13. Kb1 Rc8 14. Qd2 a5 15. c5 Bc7 16. Nc3 {0-1 (45) Tahbaz,A (2434)-Mareco,S (2645) Sharjah 2018}) 13... Bb4 14. Ne4 Qa5 15. a3 Be7 16. Rhe1 f5 17. Nc5 Bf6 18. Kb1 (18. Bxf5 $2 Bxf5 19. Qxf5 Bxd4 $1 $17 {[%mdl 512]}) 18... g6 19. Nxb7 Qc7 20. Nc5 $36 {[%mdl 2048] White is pushing.} f4 (20... Red8 $11) 21. Bc1 $1 $16 Bxd4 (21... Rad8 $16 {was worth a try.}) 22. Nxe6 $18 Rxe6 23. Rxe6 Nxe6 {[#]} 24. Bxg6 $1 {[%mdl 512]} Bg7 (24... fxg6 25. Qxg6+) 25. Bxh5 Rb8 26. Qf5 Nd4 27. Qe4 ({Don't go for} 27. Qxf4 $2 Rxb2+ $1 {[%mdl 512]} 28. Kxb2 Ne2+ 29. Kb3 Qb6+ 30. Kc2 Nxf4 $19) 27... f5 28. Qd3 ({But not} 28. Qxf4 $2 Rxb2+ $3 {[%mdl 512]} 29. Kxb2 Ne2+ 30. Kb3 Nxf4 $19) 28... Qe5 {[#]} 29. Ka2 $2 ({White should try} 29. Rd2 $1 $18) 29... f3 (29... Nb3 $11 30. Qxb3 Rxb3 31. Kxb3 Qc5) 30. Qxd4 $1 $14 (30. gxf3 $2 Ne2 $19) 30... Qxd4 31. Rxd4 Bxd4 32. Bxf3 {[%mdl 4096] Endgame KRB-KB} c5 33. Bd5+ Kg7 34. f3 Re8 35. b4 Re2+ 36. Kb3 Rxg2 37. Bf4 Kf6 38. h4 Rg1 39. Bd6 cxb4 40. axb4 Rh1 {[#]} ({Black should play} 40... Be5 $14 41. Bc5 Rb1+ 42. Ka4 Bg3) 41. Bc7 ({White must play} 41. f4 $1 $18 Rh3+ 42. Ka4) 41... Ke7 $11 42. c5 Rxh4 43. Bb8 Bf2 44. Bxa7 Be1 45. Bc4 Rf4 46. c6 {aiming for Bc5+.} Rxf3+ 47. Ka4 Bg3 48. b5 {[%cal Bb4b5,Bb5b6][%mdl 32] b6 is the strong threat.} Rc3 (48... Rf4 $11 49. Kb3 Rf3+ 50. Kc2 Be5) 49. Kb4 $16 {[%mdl 1024] White has strong compensation.} Rc1 50. Bc5+ Kd8 ({Avoid the trap} 50... Bd6 $2 51. b6 $18) 51. b6 Kc8 52. Bf2 (52. Be6+ $16 Kd8 53. Bxf5) 52... Bxf2 {The position is equal.} 53. Be6+ Kb8 54. c7+ Kb7 55. Bxf5 Bxb6 {Precision: White = 52%, Black = 53%.} 1/2-1/2

[Event "RUS-ch Rapid Men 2018"]
[Site "Sochi"]
[Date "2018.10.05"]
[Round "5"]
[White "Smagin, Sergey"]
[Black "Remizov, Yaroslav"]
[Result "1-0"]
[WhiteElo "2551"]
[BlackElo "2315"]
[Annotator "TA"]
[PlyCount "329"]
[EventDate "2018.10.05"]
[EventType "swiss"]
[EventCountry "RUS"]
[SourceTitle "playchess.com"]
[Source "ChessBase"]
[SourceQuality "1"]

{[%evp 13,329,0,-2,0,-4,0,-10,-10,20,15,71,69,72,79,71,67,73,73,67,67,81,75,101,69,102,102,119,79,103,38,43,28,32,13,12,6,9,10,5,9,11,0,0,0,0,0,0,0,0,0,0,0,0,0,0,0,0,0,0,0,0,0,0,0,0,0,0,0,0,0,0,0,0,0,0,0,0,0,0,0,0,0,0,0,0,0,0,0,66,66,66,66,109,109,808,764,690,648,540,0,0,0,0,0,0,0,0,0,0,0,0,0,0,0,0,0,0,0,0,0,0,0,0,0,0,0,0,0,133,161,78,78,85,78,195,195,195,196,305,192,192,78,85,85,121,147,178,192,323,192,192,0,192,226,298,298,305,305,305,305,305,305,305,305,344,352,366,0,366,0,381,0,381,0,305,0,381,0,29986,0,29988,0,0,0,0,0,0,0,0,0,0,0,29981,0,0,0,0,0,0,0,0,0,0,0,0,0,0,0,0,0,0,0,0,0,0,0,0,0,29980,29980,29981,29979,29980,0,0,0,0,0,0,0,0,0,0,0,0,0,29981,29982,29982,29983,29981,29982,29981,0,0,0,0,0,0,0,0,0,0,0,0,0,0,0,0,0,0,0,0,0,0,0,0,0,0,0,0,0,0,0,0,0,0,0,0,0,0,0,0,0,0,0,0,0,0,0,0,0,0,0,0,0,0,0,0,0,0,0,0,0,0,0,0,0,0,0,0,0,0,0,0,0,29992,29993]} 1. e4 {[%cal Be2e4,Be4e5][%mdl 32]} c5 2. c3 Nf6 3. e5 Nd5 4. Nf3 Nc6 5. Na3 d6 6. exd6 {B22: Sicilian: 2 c3} e6 7. Nc4 Bxd6 {LiveBook: 6 Games} 8. Nxd6+ {The position is equal.} Qxd6 9. d4 cxd4 10. Nxd4 Nxd4 (10... Qe5+ 11. Qe2 Qxe2+ 12. Nxe2 e5 13. Ng3 O-O {1-0 (48) Le Roux,J (2557)-Pavlidis,A (2563) Orsay 2018}) 11. Qxd4 O-O (11... e5 $11 12. Bb5+ Bd7 13. Bxd7+ Kxd7) 12. c4 $1 $16 {[%cal Rc4d5]} Qb6 13. Qxb6 Nxb6 14. Be3 $146 Bd7 15. Be2 Bc6 16. f3 f6 17. b3 e5 18. Rd1 Rad8 19. Kf2 e4 20. fxe4 (20. a4 {keeps more tension.} exf3 21. gxf3 Ra8 22. a5 Nd7 23. b4) 20... Bxe4 21. Bf3 (21. Rhe1 $16) 21... Bxf3 $14 22. Kxf3 Nd7 23. Bd4 Rfe8 24. Rhe1 Rxe1 25. Rxe1 $11 {[%mdl 4096] Endgame KRB-KRN} Kf7 26. Re2 a6 27. g4 Nb8 28. Bc3 Nc6 29. h3 Nd4+ 30. Bxd4 $1 Rxd4 {KR-KR} 31. Ke3 Rd1 32. Kf4 Rf1+ 33. Ke4 Ke6 34. Kd4+ Kd6 35. c5+ Kd7 36. Re3 f5 37. gxf5 Rxf5 38. b4 Rh5 39. a3 Kc6 40. Re6+ Kd7 41. Re3 Kc6 42. Rg3 g6 43. Rf3 Kd7 44. Rf7+ Kc6 45. Rf6+ Kd7 46. Rf3 Ke6 47. Re3+ Kd7 48. Kc4 Rh4+ 49. Kb3 g5 50. Ka4 h5 ({Black should play} 50... Rh6 $11) 51. Ka5 $1 $14 {[%cal Ra5b6]} Kc7 52. a4 $1 g4 53. hxg4 $1 Rxg4 $2 {[%mdl 8192]} (53... hxg4 $16 54. Re7+ Kc6) 54. Re7+ $18 Kc6 55. Re6+ Kc7 56. Rh6 $2 ({White must play} 56. b5 $1 $18 axb5 57. axb5) 56... Rg5 $1 $11 57. Rh8 Rf5 58. Re8 Rg5 59. Re4 Rf5 60. Rc4 Rg5 61. Rf4 Re5 62. Rf7+ Kc6 63. Rh7 Rg5 64. b5+ axb5 65. axb5+ Kxc5 66. Rc7+ Kd4 67. Rxb7 Ke4 68. Ka6 Kf4 69. Rh7 Kg4 70. b6 h4 (70... Rg6 $11) 71. b7 $16 Rg8 {[#]} 72. Rg7+ $1 {[%mdl 512]} Rxg7 73. b8=Q {And now Qc8+ would win. KQ-KR} h3 (73... Rg5 $16 74. Qc8+ Kg3 75. Qc3+ Kg4 76. Qc4+ Kh3 77. Qf1+ Kg3 78. Qg1+ Kf4 79. Qf1+ Kg3 80. Qd3+ Kg4 81. Qd1+ Kg3 82. Qg1+ Kf4 83. Qc1+ Kg4 84. Qd1+ Kf4 85. Qf1+ Kg3) 74. Kb5 $1 $18 {Black must now prevent Qc8+.} Rg5+ 75. Kc4 {Strongly threatening Kd3.} Kf3 (75... Rh5 $142 76. Qh2 Ra5 77. Qe2+ Kg3 78. Qe1+ Kg2 79. Qe2+ Kg3 80. Qe1+ Kg2 81. Qd2+ Kg1 82. Qd4+ Kg2 83. Qg4+ Kh2) 76. Qh2 Rh5 77. Kd4 (77. Kd3 $18 {is the precise move to win.} Rd5+ 78. Kc4) 77... Rh8 $16 78. Kd3 Rd8+ 79. Kc2 Rh8 80. Kd2 {Hoping for Qe2+.} Kg4 (80... Rd8+ {keeps fighting.} 81. Ke1 Re8+ 82. Kf1 Kg4 83. Qg1+ Kf3 84. Qf2+ Kg4 85. Qg1+ Kf4 86. Qd4+ Re4 87. Qd2+ Kf5 88. Qd5+ Re5 89. Qf3+ Kg5 90. Qxh3 Kf4) 81. Ke3 (81. Qg1+ $142 Kf5 82. Qf2+ Kg6 83. Qg3+ Kf7 84. Qf4+ Kg8 85. Qb8+ Kg7 86. Qe5+ Kg8 87. Qh2) 81... Re8+ $18 82. Kf2 $2 (82. Kd4 $18) 82... Rf8+ $2 (82... Re4 $11 {and Black stays safe.} 83. Qg3+ Kf5 84. Qxh3+ Kf4 85. Qh6+ Kf5 86. Qh5+ Kf4 87. Qf7+ Ke5) 83. Kg1 Rf3 84. Qe2 Kg3 85. Qe1+ Kf4 86. Kh2 Re3 87. Qb4+ Ke5 88. Qc5+ Ke4 89. Qc4+ Ke5 90. Kg1 $2 (90. Qg4 $18) 90... Rf3 $2 {[%mdl 8192]} (90... h2+ $11 91. Kxh2 Re4 92. Qc5+ Kf4 93. Qd6+ Re5 94. Qd4+ Re4 95. Qf6+ Ke3) 91. Qg4 $2 (91. Qe2+ $18 Kf4 92. Qe6) 91... Rb3 $2 {[%mdl 8192]} (91... h2+ $1 $11 92. Kxh2 Rd3) 92. Qc4 Rf3 93. Qc6 $2 ({Better is} 93. Qe2+ $18 Kf4 94. Kh2) 93... Kf4 $2 {[%mdl 8192]} (93... h2+ $1 $11 94. Kxh2 Re3) 94. Qd5 $2 (94. Qf6+ $18 Ke3 95. Qe5+ Kd3 96. Qe1) 94... Re3 $2 {[%mdl 8192]} (94... h2+ $1 $11 95. Kxh2 Rf2+ 96. Kh1 Re2 97. Qf7+ Ke4 98. Qc4+ Kf3 99. Qd3+ Re3 100. Qf5+ Kg3) 95. Kf2 $2 (95. Qd4+ $18 Kf3 96. Kf1) 95... h2 $2 {[%mdl 8192]} (95... Re5 $11 96. Qf3+ Kg5) 96. Qd6+ $2 (96. Qf7+ $1 Ke4 97. Qe6+ Kd4 98. Qxe3+ Kd5 99. Qh6 Kc5 100. Qxh2 Kd5 101. Qc7) 96... Ke4 $2 {[%mdl 8192]} (96... Re5 $11 97. Qh6+ Kf5 98. Qh3+ Ke4 99. Qxh2 Kd5) 97. Qxh2 $2 (97. Qe6+ Kd4 98. Qxe3+ Kc4 99. Qf4+ Kd5 100. Qxh2 Ke6 101. Qc7 Kd5 102. Qd7+ Kc4 103. Ke3) 97... Rf3+ $11 98. Kg2 Re3 99. Qd6 Rd3 100. Qc5 Rd2+ 101. Kf1 Kd3 102. Qb5+ Ke3 $2 {[%mdl 8192]} (102... Kd4 $11 103. Qb4+ Kd3) 103. Ke1 $2 (103. Qe5+ $1 Kd3 104. Ke1 Rc2 105. Qd5+ Kc3 106. Kd1 Rb2 107. Qc5+ Kb3 108. Kc1) 103... Rd4 104. Qb3+ (104. Qb1 {seems wilder.} Rd3 105. Qa1 Ke4 106. Qa6 Kd4 107. Qd6+) 104... Kf4 105. Ke2 Re4+ 106. Kf2 Ke5 107. Qb8+ Kd4 108. Qb6+ Ke5 109. Qc5+ Kf4 110. Qd5 Re5 111. Qd4+ Kf5 112. Kf3 Ke6 113. Kf4 Rf5+ 114. Ke4 {White wants to mate with Qb6+.} Rh5 115. Qb6+ (115. Qd8 {feels hotter.} Rh1 116. Qd5+ Ke7 117. Qg5+ Kd6 118. Kf5) 115... Kf7 $2 {[%mdl 8192]} (115... Kd7 $11 116. Qb7+ Kd6 117. Qa6+ Ke7 118. Qa3+ Ke6) 116. Kf4 Ke7 117. Qc7+ Ke6 {[#]} 118. Qc6+ $2 (118. Qc8+ $1 Ke7 119. Qc6 Kf7 120. Qd7+ Kf6 121. Qd6+ Kf7 122. Kg4 Rh7 123. Qd7+ Kg6 124. Qd3+ Kh6 125. Qd6+ Kg7 126. Kg5) 118... Ke7 119. Qg6 Rc5 120. Ke4 Kd7 121. Kd4 Ra5 122. Qb6 Rg5 123. Ke4 Ke7 124. Kf4 Rh5 {[#]} 125. Qc6 $1 {[%cal Rc6e4]} Kf7 126. Qd7+ Kf6 127. Qd8+ Kf7 128. Kg4 $2 (128. Qd6 {mates} Rh2 129. Qc7+ Ke8 130. Qc8+ Kf7 131. Qb7+ Kf6 132. Qb6+ Kf7 133. Qb7+ Ke8 134. Qe4+ Kd7 135. Qd5+ Kc7 136. Kg5) 128... Re5 129. Qd7+ Kf6 130. Qd6+ (130. Qd2 {with more complications.} Re4+ 131. Kg3 Ke5 132. Kf2 Rf4+ 133. Kg3) 130... Re6 131. Qd4+ Kg6 132. Qd5 (132. Qa1 {seems wilder.} Kf7 133. Qc1 Rg6+ 134. Kh5 Rf6 135. Kg4) 132... Kf6 133. Qf5+ Ke7 134. Kg5 Kd6 135. Qd3+ Kc5 136. Kf5 Rd6 137. Qc3+ Kd5 138. Qa5+ Kc4 139. Ke5 (139. Qa4+ {looks sharper.} Kc5 140. Qa3+ Kd5 141. Qc3 Rc6 142. Qd2+) 139... Rd3 140. Qa4+ Kc3 141. Ke4 Rd2 142. Qa3+ Kc2 143. Ke3 Rd1 144. Qa2+ Kc1 145. Qc4+ Kb2 146. Ke2 Rc1 147. Qb4+ Kc2 148. Qa4+ Kc3 149. Qa3+ Kc2 150. Qd3+ ({Not} 150. Qa2+ Kc3) 150... Kb2 151. Kd2 Rb1 152. Qa6 Kb3 153. Qa5 {Qd5+ would kill now.} Rb2+ 154. Kd3 {Intending Qa6 and mate.} Rb1 155. Qb6+ Ka2 156. Qf2+ Ka3 157. Qc5+ (157. Qe1 {seems wilder.}) 157... Kb2 158. Qc3+ Ka2 159. Qc2+ Ka1 160. Qa4+ (160. Qc1 {is interesting.}) 160... Kb2 161. Kd2 {White threatens Qe4 and mate.} Rh1 162. Qb5+ Ka3 163. Qa6+ Kb3 164. Qb7+ Ka4 $2 {[%mdl 8192]} (164... Ka2 $11 165. Qxh1 Kb3 166. Qd5+ Kb2 167. Qb5+ Ka3 168. Kc2 Ka2 169. Qb2#) 165. Qxh1 {Precision: White = 55%, Black = 53%.} 1-0

[Event "RUS-ch Rapid Men 2018"]
[Site "Sochi"]
[Date "2018.10.05"]
[Round "5"]
[White "Iljiushenok, Ilia"]
[Black "Kezin, Roman"]
[Result "1-0"]
[WhiteElo "2539"]
[BlackElo "2471"]
[Annotator "ChessBase"]
[PlyCount "75"]
[EventDate "2018.10.05"]
[EventType "swiss"]
[EventCountry "RUS"]
[SourceTitle "playchess.com"]
[Source "ChessBase"]
[SourceQuality "1"]
[TimeControl "900+10"]

1. e4 {[%emt 0:00:00]} c5 {[%emt 0:00:00]} 2. Nc3 {[%emt 0:00:00]} Nc6 {[%emt 0:00:00]} 3. Bb5 {[%emt 0:00:00]} Nd4 {[%emt 0:00:00]} 4. Bc4 {[%emt 0:00:00]} e6 {[%emt 0:00:05]} 5. Nge2 {[%emt 0:00:00]} Nf6 {[%emt 0:00:03]} 6. O-O {[%emt 0:00:33]} a6 {[%emt 0:01:11]} 7. a4 {[%emt 0:00:01]} Qc7 {[%emt 0:03:46]} 8. d3 {[%emt 0:00:16]} Be7 {[%emt 0:01:16]} 9. Nxd4 {[%emt 0:00:13]} cxd4 {[%emt 0:00:03]} 10. Ne2 {[%emt 0:00:03]} Nxe4 {[%emt 0:01:02]} 11. Nxd4 {[%emt 0:03:26]} Nf6 {[%emt 0:00:31]} 12. Bb3 {[%emt 0:00:03]} O-O {[%emt 0:00:08]} 13. Re1 {[%emt 0:00:01]} d5 {[%emt 0:03:25]} 14. Nf3 {[%emt 0:00:02]} h6 {[%emt 0:01:07]} 15. d4 {[%emt 0:00:31]} Bd7 {[%emt 0:00:30]} 16. a5 {[%emt 0:03:46]} Bb5 {[%emt 0:01:30]} 17. c3 {[%emt 0:00:09]} b6 {[%emt 0:00:01]} 18. axb6 {[%emt 0:00:12]} Qxb6 {[%emt 0:00:01]} 19. Bc2 {[%emt 0:00:16]} Nd7 {[%emt 0:01:04]} 20. Bf4 {[%emt 0:00:37]} Rfc8 {[%emt 0:00:07]} 21. Re3 {[%emt 0:00:49]} Qd8 {[%emt 0:01:14]} 22. Qd2 {[%emt 0:01:35]} a5 {[%emt 0:00:21]} 23. b3 {[%emt 0:02:37]} Ra7 {[%emt 0:00:40]} 24. h3 {[%emt 0:00:40]} a4 {[%emt 0:00:36]} 25. bxa4 {[%emt 0:00:23]} Rca8 {[%emt 0:00:01]} 26. Qd1 {[%emt 0:01:07]} Nf8 {[%emt 0:00:26]} 27. Ne5 {[%emt 0:00:20]} Bg5 {[%emt 0:00:09]} 28. Bxg5 {[%emt 0:00:10]} Qxg5 {[%emt 0:00:01]} 29. Rg3 {[%emt 0:00:02]} Qh4 {[%emt 0:00:17]} 30. Ra2 {[%emt 0:00:35]} Be8 {[%emt 0:00:11]} 31. Nd3 {[%emt 0:00:23]} Nd7 {[%emt 0:00:09]} 32. Rb2 {[%emt 0:00:19]} Kf8 {[%emt 0:00:14]} 33. Qb1 {[%emt 0:00:13]} Qe7 {[%emt 0:00:08]} 34. Rb4 {[%emt 0:00:12]} Kg8 {[%emt 0:00:03]} 35. Re3 {[%emt 0:00:12]} Rc7 {[%emt 0:00:14]} 36. Qb2 {[%emt 0:00:11]} Rac8 {[%emt 0:00:06]} 37. Nc1 {[%emt 0:00:25]} Nb8 {[%emt 0:00:01]} 38. Rxb8 {[%emt 0:00:07]} 1-0